00561nam a2200181Ia 4500008004100000020001700041082000800058100002700066245008200093250000600175260003300181300001700214500002400231650001000255942000700265952009000272999001700362230524s9999 xx 000 0 und d a978826524556 bTHO aErik G.Thompson942632 0aIntroduction to the Finite Element Method: Theory Programming and Application a1 aNew DelhibWiley Indiac2013 a"XIII,341p;" aQuantity Number: 1 aCivil cBK 00104070aTATCLbTATCLcGENd2023-05-24l0o THOp54027r2023-05-24w2023-05-24yBK c57645d57645